Language Quiz

Random Language Quiz

Not in the Dictionary Quiz Stats

 Plays Quiz not verified by Sporcle

Support Sporcle.
Go Orange.
Score 0/10 Timer 02:00
0 Plays Today
Part of Speech 'Word' % Correct
AdjectiveGinormous
79%
VerbChillax
71%
AdjectiveConfuzzled
67.7%
InterjectionWoot
9.7%
AdjectiveSlickery
9.7%
NounSnirt
9.7%
VerbPhonecrastinate
4.8%
NounGription
3.2%
Noun*Cognitive Displaysia
1.6%
VerbLingweenie
1.6%

You're not logged in!

Compare scores with friends on all Sporcle quizzes.
OR
Log In

From the Vault

Nicolas Cage Movie by One Word

by scole9179

Sometimes, that one word is 'bees.'
Remove Ads.
Support Sporcle.
Get the best of Sporcle when you Go Orange. This ad-free experience offers more features, more stats, and more fun while also helping to support Sporcle. Thank you for becoming a member.

Show Comments

Extras

Created Feb 21, 2011SourceReportNominate
Tags:Dictionary, slang

Top Quizzes Today


Score Distribution

Your Account Isn't Verified!

In order to create a playlist on Sporcle, you need to verify the email address you used during registration. Go to your Sporcle Settings to finish the process.

Report this User

Report this user for behavior that violates our Community Guidelines.

Details: